| 000 | 00448cam a22001337a 4500 | ||
|---|---|---|---|
| 008 | 180718b2001 xxu||||| |||| 00| 0 eng d | ||
| 082 | _aAPPPA 2000-01 ATR/6 | ||
| 100 | _aAtri, S.S. | ||
| 245 |
_aCare and empowerment of army ex-servicemen _cby S.S. Atri |
||
| 260 |
_aNew Delhi _bIndian Institute of Public Administration _c2001 |
||
| 300 | _a186p. | ||
| 650 | _aRetired military personnel - India | ||
| 650 | _aVeterans - Law and legislation - India | ||
| 999 |
_c490907 _d490907 |
||